Where are they from? - Statistics

General Stats
  • This quiz has been taken 30 times
  • The average score is 14 of 16
Answer Stats
Picture Hint Answer % Correct
Marie Antoinette Austria / France
96%
King Henry VIII England
96%
Leonardo Da Vinci Italy
96%
Kim Il-sung North-Korea
96%
Cleopatra Egypt
92%
Martin Luther Germany
92%
Alexander Hamilton United States of America
92%
Socrates Greece
88%
Indira Gandhi India
88%
Virgin Mary Israel
83%
Catherine the Great Russia
79%
Confucius China
75%
Frida Kahlo Mexico
75%
Rembrandt Netherlands
75%
Marie Curie Poland
75%
Jean-Paul Marat France / Switzerland
71%
No matching quizzes found
Score Distribution
Percent of People with Each Score
Percentile by Number Answered
Your Score History
You have not taken this quiz